Yugoslav rock bands - Statistics

General Stats
  • This quiz has been taken 1 502 times
  • The average score is 10 of 20
Answer Stats
Pesma Grupa % Correct
Sa druge strane jastuka Bajaga & Instruktori
93%
Dva dinara, druže Riblja čorba
78%
Ti si sav moj bol Ekatarina velika
67%
Daire Smak
66%
Jesen u meni Parni valjak
63%
Kotor Galija
62%
Bos ili hadžija Zabranjeno pušenje
61%
Lovac i košuta Plavi orkestar
52%
Bacila je sve niz rijeku Indexi
51%
Dunavom još šibaju vetrovi YU Grupa
49%
Crno-bijeli svijet Prljavo kazalište
46%
Šejn Haustor
43%
Ima neka tajna veza Bijelo dugme
42%
Krivo je more Divlje jagode
42%
Hajde da se volimo Kerber
41%
Tamo gdje ljubav počinje Crvena jabuka
37%
Čuvam noć od budnih Leb i sol
37%
Užas je moja furka Azra
30%
Crni ples Oktobar 1864
21%
Siđi do reke U škripcu
13%
No matching quizzes found
Score Distribution
Percent of People with Each Score
Percentile by Number Answered
Your Score History
You have not taken this quiz